Characters of 'The Vow' (2012) Quiz Stats

 Plays Quiz not verified by Sporcle

Score 0/15 Timer 07:00
0 Plays Today
Character % Correct
Leo
86.1%
Paige
77.2%
Jeremy
39.2%
Gwen
26.6%
Sonia
25.3%
Lily
21.5%
Bill
17.7%
Kyle
17.7%
Character % Correct
Ryan
17.7%
Rita
15.2%
Josh
15.2%
Diane
15.2%
Jim
13.9%
Carrie
13.9%
Shana
13.9%

You're not logged in!

Compare scores with friends on all Sporcle quizzes.
OR
Log In

Show Comments

Extras

Top Quizzes Today


Score Distribution

Your Account Isn't Verified!

In order to create a playlist on Sporcle, you need to verify the email address you used during registration. Go to your Sporcle Settings to finish the process.

Report this User

Report this user for behavior that violates our Community Guidelines.

Details: